Detalles MARC
| 000 -CABECERA |
| campo de control de longitud fija |
02407nam a2200289 i 4500 |
| 001 - NÚMERO DE CONTROL |
| campo de control |
16242 |
| 003 - IDENTIFICADOR DEL NÚMERO DE CONTROL |
| campo de control |
DO-SdUEMH |
| 005 - FECHA Y HORA DE LA ÚLTIMA TRANSACCIÓN |
| campo de control |
20260114211708.0 |
| 007 - CAMPO FIJO DE DESCRIPCIÓN FÍSICA--INFORMACIÓN GENERAL |
| campo de control de longitud fija |
ta |
| 008 - DATOS DE LONGITUD FIJA--INFORMACIÓN GENERAL |
| campo de control de longitud fija |
211105s2002||||dr |||gr|||| 0|| | spa d |
| 040 ## - FUENTE DE LA CATALOGACIÓN |
| Centro catalogador/agencia de origen |
DO-SdUEMH |
| Lengua de catalogación |
spa |
| Normas de descripción |
rda |
| 041 ## - CÓDIGO DE LENGUA |
| Código de lengua del texto/banda sonora o título independiente |
spa |
| 082 14 - NÚMERO DE LA CLASIFICACIÓN DECIMAL DEWEY |
| Número de clasificación |
RD341 R696D 2002 |
| Colección |
Colección Dominicana |
| Número de documento/Ítem |
R696 |
| 084 ## - OTRO NÚMERO DE CLASIFICACIÓN |
| Item number |
08-00161 |
| 100 #1 - ENTRADA PRINCIPAL--NOMBRE DE PERSONA |
| Nombre de persona |
Rodríguez Cabrer, Miguel Antonio |
| Término indicativo de función/relación |
autor |
| 245 #0 - MENCIÓN DE TÍTULO |
| Título |
Definiciones, Notas y Apuntes: |
| Resto del título |
en el derecho internacional público / |
| Mención de responsabilidad, etc. |
Miguel Antonio Rodríguez Cabrer |
| 260 ## - PUBLICACIÓN, DISTRIBUCIÓN, ETC. |
| Date of publication, distribution, etc. |
2002 |
| 264 #1 - PRODUCCIÓN, PUBLICACIÓN, DISTRIBUCIÓN, FABRICACIÓN Y COPYRIGHT |
| Lugar de producción, publicación, distribución, fabricación |
Santo Domingo, República Dominicana : |
| Nombre del de productor, editor, distribuidor, fabricante |
Centenario, |
| Fecha de producción, publicación, distribución, fabricación o copyright |
2002 |
| 264 #4 - PRODUCCIÓN, PUBLICACIÓN, DISTRIBUCIÓN, FABRICACIÓN Y COPYRIGHT |
| Fecha de producción, publicación, distribución, fabricación o copyright |
©2002 |
| 300 ## - DESCRIPCIÓN FÍSICA |
| Extensión |
74 páginas : |
| Dimensiones |
23 cm. |
| 336 ## - TIPO DE CONTENIDO |
| Fuente |
rdacontent |
| Término de tipo de contenido |
texto |
| Código de tipo de contenido |
txt |
| 337 ## - TIPO DE MEDIO |
| Fuente |
rdamedia |
| Nombre del tipo de medio |
sin mediación |
| Código del tipo de medio |
n |
| 338 ## - TIPO DE SOPORTE |
| Fuente |
rdacarrier |
| Nombre del tipo de soporte |
volumen |
| Código del tipo de soporte |
nc |
| 505 #2 - NOTA DE CONTENIDO CON FORMATO |
| Nota de contenido con formato |
Capítulo I: Definiciones de Derecho Internacional Público -- El Derecho Internacional Público no es legislador -- Escuelas que explican el fundamento del Derecho Internacional Público -- El Pacta Sunt Servanda -- La Comunidad Internacional -- Las fuentes del Derecho Internacional Público -- La interpretación del Derecho Internacional Público -- Derecho Internacional y Derecho Nacional -- La codificación -- Capítulo II: La personalidad internacional -- La capacidad internacional -- El Estado -- Nación y Estado -- El Principio de Autodeterminación -- El reconocimiento -- Clasificación de los Estados -- El Principio de Identidad del Estado -- Los gobiernos de facto -- Sucesión de Estados -- La cesión, el plebiscito, la anexión, la fusión y desmembramiento del Estado -- La neutralización -- La potestad estatal -- Enumeración de los derechos fundamentales de los Estados -- La independencia de los Estados -- La igualdad de los Estados -- El intercambio -- La intervención -- Capítulo III: La nacionalidad -- La ciudadanía -- La población -- Las minorías -- La extradición -- El territorio -- El dominio terrestre -- El dominio marítimo -- Golfos y bahías -- Islas y canales -- El dominio fluvial -- El dominio aéreo -- La navegación: los buques; la piratería -- Las aeronaves -- Capítulo IV: Los órganos de las relaciones internacionales -- Agentes diplomáticos -- El derecho de legación, inmunidades y privilegios -- El asilo -- Los cónsules -- Las obligaciones; relaciones jurídicas internacionales -- La política internacional. |
| 942 ## - ELEMENTOS DE PUNTO DE ACCESO ADICIONAL (KOHA) |
| Fuente del sistema de clasificación o colocación |
Dewey Decimal Classification |
| Tipo de ítem Koha |
Libro |
| Suprimir en OPAC |
No |